00459pab a2200145 454500008004000000100002400040245010800064260000900172300001400181362001200195650003000207650002200237700002200259773003200281180718b2008 xxu||||| |||| 00| 0 eng d aMadhusoodanan, P.R. aAn empirical verification of cointegration and causality in Indian Stock markets: a case of BSE and NSE c2008 ap.159-72. aJan-Jun aFinancial markets - India aFinancial markets aKumar, Hareesh V. aSouth Asia Economic Journal